<?xml version="1.0" encoding="UTF-8"?>
<record
    xmlns:xsi="http://www.w3.org/2001/XMLSchema-instance"
    xsi:schemaLocation="http://www.loc.gov/MARC21/slim http://www.loc.gov/standards/marcxml/schema/MARC21slim.xsd"
    xmlns="http://www.loc.gov/MARC21/slim">

  <leader>03222njm a2200517Ia 4500</leader>
  <controlfield tag="001">C6733</controlfield>
  <controlfield tag="003">IT-RoPAU</controlfield>
  <controlfield tag="005">20220918181115.0</controlfield>
  <controlfield tag="008">131025s9999    xx            000 0 und d</controlfield>
  <datafield tag="040" ind1=" " ind2=" ">
    <subfield code="a">IT-RoPAU</subfield>
  </datafield>
  <datafield tag="040" ind1=" " ind2=" ">
    <subfield code="c">IT-RoPAU</subfield>
  </datafield>
  <datafield tag="999" ind1=" " ind2=" ">
    <subfield code="c">99308</subfield>
    <subfield code="d">99308</subfield>
  </datafield>
  <datafield tag="999" ind1=" " ind2=" ">
    <subfield code="b">n.d.</subfield>
  </datafield>
  <datafield tag="100" ind1=" " ind2=" ">
    <subfield code="a">AA.VV.</subfield>
    <subfield code="9">794</subfield>
  </datafield>
  <datafield tag="100" ind1=" " ind2=" ">
    <subfield code="e">Autore musica</subfield>
    <subfield code="9">30260</subfield>
  </datafield>
  <datafield tag="100" ind1=" " ind2=" ">
    <subfield code="g">Codice autore musica SPICS: 12000</subfield>
    <subfield code="9">796</subfield>
  </datafield>
  <datafield tag="245" ind1=" " ind2=" ">
    <subfield code="a">Chet Baker In Italy</subfield>
  </datafield>
  <datafield tag="250" ind1=" " ind2=" ">
    <subfield code="a">2a ed.</subfield>
  </datafield>
  <datafield tag="260" ind1=" " ind2=" ">
    <subfield code="a">MILANO</subfield>
  </datafield>
  <datafield tag="260" ind1=" " ind2=" ">
    <subfield code="b">RUSCONI</subfield>
    <subfield code="c">1994 [1a Ed.:0]</subfield>
  </datafield>
  <datafield tag="300" ind1=" " ind2=" ">
    <subfield code="a">COMPACT DISC</subfield>
  </datafield>
  <datafield tag="300" ind1=" " ind2=" ">
    <subfield code="c">77 minuti (Testo: 0 pag.)</subfield>
  </datafield>
  <datafield tag="500" ind1=" " ind2=" ">
    <subfield code="a">Musica jazz. Compact fuori commercio allegato al n. 12 1994 della rivista "Musica jazz".</subfield>
  </datafield>
  <datafield tag="505" ind1=" " ind2=" ">
    <subfield code="a">For Minors Only [(Pescara, stadio comunale, 14 luglio 1975) (6:00)] - Forgetful [(Palermo, Brass Group, 17 gennaio 1976) (8:00)] - Blue Room [(Roma, centro jazz St. Louis, 27 gennaio 1979) (8:00)] - Cheryl [(Ancona, teatro sperimentale, 23 novembre 1985) (11:00)] - Cherokee [(Macerata, giardini Diaz, 2 luglio 1985) (11:00)] - Dancing In the Dark [(Civitanova Marche, 5 luglio 1985) (7:00)] - Laura [(Civitanova Marche, 5 luglio 1985) (13:00)] - Solar [(Torino, teatro Carignano, 21 aprile 1988) (14:00)]</subfield>
  </datafield>
  <datafield tag="511" ind1=" " ind2=" ">
    <subfield code="a">Baker Chet: tr; Drew Kenny: p; Ridley Larry: cb; Lee David: batt</subfield>
  </datafield>
  <datafield tag="511" ind1=" " ind2=" ">
    <subfield code="a">Baker Chet: tr; Pelzer Jacques: fl; Garsia Ignazio: p; Tommaso Giovanni: cb; Cavallaro Gianni: batt</subfield>
  </datafield>
  <datafield tag="511" ind1=" " ind2=" ">
    <subfield code="a">Baker Chet: tr; Pelzer Jacques: alto; Grailler Michel: p; Rassinfosse Jean-Louise: cb</subfield>
  </datafield>
  <datafield tag="511" ind1=" " ind2=" ">
    <subfield code="a">Baker Chet: tr; Grailler Michel: p; Moriconi Massimo: cb</subfield>
  </datafield>
  <datafield tag="511" ind1=" " ind2=" ">
    <subfield code="a">Baker Chet: tr; Pelzer Jacques: sop; Melillo Mike: p; Moriconi Massimo: cb; Ascolese Giampaolo: batt</subfield>
  </datafield>
  <datafield tag="511" ind1=" " ind2=" ">
    <subfield code="a">Baker Chet: tr; Melillo Mike: p, arr; Moriconi Massimo: cb; Ascolese Giampaolo: batt; Orchestra Filarmonica Marchigiana</subfield>
  </datafield>
  <datafield tag="511" ind1=" " ind2=" ">
    <subfield code="a">Baker Chet: tr; Rava Enrico: tr; Urbani Massimo: alto; D'Andrea Franco: p; Tommaso Giovanni: cb; Gatto Roberto: batt</subfield>
  </datafield>
  <datafield tag="650" ind1=" " ind2=" ">
    <subfield code="a">JAZZ [COMPACT DISC]</subfield>
    <subfield code="e">Codice MATERIA SPICS: 9949</subfield>
    <subfield code="9">11822</subfield>
  </datafield>
  <datafield tag="700" ind1=" " ind2=" ">
    <subfield code="a">Baker Chet</subfield>
    <subfield code="g">Codice interprete SPICS: 13029</subfield>
    <subfield code="e">Interprete</subfield>
    <subfield code="9">30261</subfield>
  </datafield>
  <datafield tag="700" ind1=" " ind2=" ">
    <subfield code="a">Heath Jimmy</subfield>
    <subfield code="g">Codice autore musica SPICS: 36621</subfield>
    <subfield code="e">Autore musica</subfield>
    <subfield code="p">For Minors Only</subfield>
    <subfield code="9">30262</subfield>
  </datafield>
  <datafield tag="700" ind1=" " ind2=" ">
    <subfield code="a">Handy</subfield>
    <subfield code="g">Codice autore musica SPICS: 42469</subfield>
    <subfield code="e">Autore musica</subfield>
    <subfield code="p">Forgetful</subfield>
    <subfield code="9">30263</subfield>
  </datafield>
  <datafield tag="700" ind1=" " ind2=" ">
    <subfield code="a">Segal</subfield>
    <subfield code="g">Codice autore SPICS: 42470</subfield>
    <subfield code="e">Autore</subfield>
    <subfield code="p">Forgetful</subfield>
    <subfield code="9">30264</subfield>
  </datafield>
  <datafield tag="700" ind1=" " ind2=" ">
    <subfield code="a">Rodgers Richard</subfield>
    <subfield code="g">Codice autore musica SPICS: 11120</subfield>
    <subfield code="e">Autore musica</subfield>
    <subfield code="p">Blue Room</subfield>
    <subfield code="9">30265</subfield>
  </datafield>
  <datafield tag="700" ind1=" " ind2=" ">
    <subfield code="a">Hart Lorenz</subfield>
    <subfield code="g">Codice autore SPICS: 10738</subfield>
    <subfield code="e">Autore</subfield>
    <subfield code="p">Blue Room</subfield>
    <subfield code="9">30266</subfield>
  </datafield>
  <datafield tag="700" ind1=" " ind2=" ">
    <subfield code="a">Parker Charlie (B.)</subfield>
    <subfield code="g">Codice autore musica SPICS: 10799</subfield>
    <subfield code="e">Autore musica</subfield>
    <subfield code="p">Cheryl</subfield>
    <subfield code="9">30267</subfield>
  </datafield>
  <datafield tag="700" ind1=" " ind2=" ">
    <subfield code="a">Noble Ray</subfield>
    <subfield code="g">Codice autore musica SPICS: 10522</subfield>
    <subfield code="e">Autore musica</subfield>
    <subfield code="p">Cherokee</subfield>
    <subfield code="9">30268</subfield>
  </datafield>
  <datafield tag="700" ind1=" " ind2=" ">
    <subfield code="a">Schwartz A.</subfield>
    <subfield code="g">Codice autore musica SPICS: 15555</subfield>
    <subfield code="e">Autore musica</subfield>
    <subfield code="p">Dancing In the Dark</subfield>
    <subfield code="9">30269</subfield>
  </datafield>
  <datafield tag="700" ind1=" " ind2=" ">
    <subfield code="a">Dietz H.</subfield>
    <subfield code="g">Codice autore SPICS: 15554</subfield>
    <subfield code="e">Autore</subfield>
    <subfield code="p">Dancing In the Dark</subfield>
    <subfield code="9">30270</subfield>
  </datafield>
  <datafield tag="700" ind1=" " ind2=" ">
    <subfield code="a">Raskin Dave</subfield>
    <subfield code="g">Codice autore musica SPICS: 13976</subfield>
    <subfield code="e">Autore musica</subfield>
    <subfield code="p">Laura</subfield>
    <subfield code="9">30271</subfield>
  </datafield>
  <datafield tag="700" ind1=" " ind2=" ">
    <subfield code="a">Mercer Johnny</subfield>
    <subfield code="g">Codice autore SPICS: 18100</subfield>
    <subfield code="e">Autore</subfield>
    <subfield code="p">Laura</subfield>
    <subfield code="9">30272</subfield>
  </datafield>
  <datafield tag="700" ind1=" " ind2=" ">
    <subfield code="a">Davis Miles</subfield>
    <subfield code="g">Codice autore musica SPICS: 10734</subfield>
    <subfield code="e">Autore musica</subfield>
    <subfield code="p">Solar</subfield>
    <subfield code="9">30273</subfield>
  </datafield>
  <datafield tag="942" ind1=" " ind2=" ">
    <subfield code="c">CD</subfield>
    <subfield code="2">ddc</subfield>
  </datafield>
  <datafield tag="952" ind1=" " ind2=" ">
    <subfield code="0">0</subfield>
    <subfield code="1">0</subfield>
    <subfield code="4">0</subfield>
    <subfield code="6">C_6733_000000000000000</subfield>
    <subfield code="7">1</subfield>
    <subfield code="a">SPICS</subfield>
    <subfield code="b">SPICS</subfield>
    <subfield code="d">2013-10-25</subfield>
    <subfield code="l">0</subfield>
    <subfield code="o">C6733</subfield>
    <subfield code="r">2013-10-25 00:00:00</subfield>
    <subfield code="w">2013-10-25</subfield>
    <subfield code="y">CD</subfield>
    <subfield code="z">Progr. Ins.: 1435 / N.Vol.: 1 / Copie: 1 - Copia rara: n.d. / date import: 01.01.2014 - By Epidotti, Trombetti, Vaglietti</subfield>
  </datafield>
</record>
